000 00332nam a2200121Ia 4500
008 231129s9999||||xx |||||||||||||| ||spa||
020 _a84-02-03441-1
082 _a891.744 / S684p
100 _aSolschenitzin Alexander
245 0 _aEl primer circulo
264 _aBruguera
942 _2ddc
_cBKS
999 _c12167
_d12167